The diary of Amos Lee: girls, guts and glory! (Record no. 8989)
[ view plain ]
| 000 -LEADER | |
|---|---|
| fixed length control field | 00901nam a22002177a 4500 |
| 003 - CONTROL NUMBER IDENTIFIER | |
| control field | OSt |
| 005 - DATE AND TIME OF LATEST TRANSACTION | |
| control field | 20260312013140.0 |
| 008 - FIXED-LENGTH DATA ELEMENTS--GENERAL INFORMATION | |
| fixed length control field | 260312b |||||||| |||| 00| 0 eng d |
| 020 ## - INTERNATIONAL STANDARD BOOK NUMBER | |
| International Standard Book Number | 978-981-28-4442-4 |
| 040 ## - CATALOGING SOURCE | |
| Original cataloging agency | DWCL GS lib |
| Transcribing agency | OC |
| 082 ## - DEWEY DECIMAL CLASSIFICATION NUMBER | |
| Classification number | F686d 2009 |
| 100 ## - MAIN ENTRY--PERSONAL NAME | |
| Personal name | FOO, ADELINE |
| 245 ## - TITLE STATEMENT | |
| Title | The diary of Amos Lee: girls, guts and glory! |
| Remainder of title | Girls, Guts, and Glory! |
| Statement of responsibility, etc. | Adeline Foo |
| 260 ## - PUBLICATION, DISTRIBUTION, ETC. | |
| Place of publication, distribution, etc. | Singapore |
| Name of publisher, distributor, etc. | Epigram Books |
| Date of publication, distribution, etc. | 2009 |
| 300 ## - PHYSICAL DESCRIPTION | |
| Extent | 117 p |
| Dimensions | 22cm |
| 520 ## - SUMMARY, ETC. | |
| Summary, etc. | a 10-year-old boy who, forced by his mother, records his daily life while sitting on the toilet. |
| 650 ## - SUBJECT ADDED ENTRY--TOPICAL TERM | |
| Topical term or geographic name entry element | a 9-years-old character created by adeline foo, the protagonist of a new children's book documenting life in singapore. |
| 650 ## - SUBJECT ADDED ENTRY--TOPICAL TERM | |
| Topical term or geographic name entry element | veryday life of child like Amos is laced with opportunities and challenges and how he uses various thinking skills to tackle them |
| 700 ## - ADDED ENTRY--PERSONAL NAME | |
| Personal name | Adeline Foo |
| 942 ## - ADDED ENTRY ELEMENTS (KOHA) | |
| Source of classification or shelving scheme | Dewey Decimal Classification |
| Koha item type | Fiction |
| Suppress in OPAC | No |
No items available.